Statistics for Biggest Metropolitan Cities in the UK

Click here to take the quiz!

General Stats

  • This quiz has been taken 88 times
  • The average score is 11 of 12

Answer Stats

Population (2024)City% Correct
14,800,000London
100%
3,683,000Manchester
100%
4,300,000Birmingham
97%
2,241,000Liverpool
96%
1,861,000Glasgow
95%
2,302,000Leeds
92%
1,569,000Sheffield
87%
1,599,000Newcastle upon Tyne
85%
1,041,000Bristol
83%
1,097,000Cardiff
79%
1,395,000Nottingham
78%
1,547,000Southampton
74%

Score Distribution

Percentile by Number Answered

Percent of People with Each Score

Your Score History

You have not taken this quiz